LEADER 00944cam0-2200325---450- 001 990009806080403321 005 20140127101138.0 010 $a978-88-568-4818-2 035 $a000980608 035 $aFED01000980608 035 $a(Aleph)000980608FED01 035 $a000980608 100 $a20140108d2012----km-y0itay50------ba 101 0 $aita 102 $aIT 105 $ay-------001yy 200 1 $aConvincere per vincere$estrategie e tecniche di comunicazione persuasiva$fFrancesco Carraro 210 $aMilano$cFrancoAngeli$d2012 215 $a106 p.$d22 cm 225 1 $aTrend$v247 610 0 $aPersuasione 676 $a153.852$v22$zita 700 1$aCarraro,$bFrancesco$f<1970- ;$cAvvocato civilista>$0436659 801 0$aIT$bUNINA$gREICAT$2UNIMARC 901 $aBK 912 $a990009806080403321 952 $aCollez. 1195 (247)$b50660$fFSPBC 959 $aFSPBC 996 $aConvincere per vincere$9837416 997 $aUNINA LEADER 01791nam 2200397 n 450 001 9910138298803321 005 20241204164325.0 010 $a953-51-4373-5 035 $a(CKB)3230000000075587 035 $a(NjHacI)993230000000075587 035 $a(oapen)https://directory.doabooks.org/handle/20.500.12854/41141 035 $a(EXLCZ)993230000000075587 100 $a20221010d2012 uy 0 101 0 $aeng 135 $aur||||||||||| 181 $ctxt$2rdacontent 182 $cc$2rdamedia 183 $acr$2rdacarrier 200 00$aAquaculture /$fedited Zainal Muchlisin 210 $cIntechOpen$d2012 210 1$a[Place of publication not identified] :$cIntechOpen,$d[2012] 210 4$dİ2012 215 $a1 online resource (402 pages) 311 08$a953-307-974-6 330 $aThis book provides an understanding on a large variety of aquaculture related topics. The book is organized in four sections. The first section discusses fish nutrition second section is considers the application of genetic in aquaculture; section three takes a look at current techniques for controlling lipid oxidation and melanosis in Aquaculture products. The last section is focused on culture techniques and management, ,which is the larger part of the book. The book chapters are written by leading experts in their respective areas. Therefore, I am quite confident that this book will be equally useful for students and professionals in aquaculture and biotechnology. 606 $aAquaculture 615 0$aAquaculture. 676 $a639.8 700 $aZainal Abidin Muchlisin$4auth$01845293 702 $aMuchlisin$b Zainal 801 0$bNjHacI 801 1$bNjHacl 906 $aBOOK 912 $a9910138298803321 996 $aAquaculture$94429160 997 $aUNINA